00220nam a2200085Ia 4500008004100000041000800041100002100049245004300070260002100113241105s9999 xx 000 0 und d aeng aPalve Aishwarya. aMixed Use Highrise Development Mumbai. bBNCA, Punec2019